Quiz fou : 8 mots dans mots (mort subite) - Statistiques

Statistiques générales
  • Ce quiz a été pris 50 fois
  • Le résultat moyen est 7 sur 8
Answers on the Grid
Answers color-coded by a green-red scale on the quiz's grid according to % correct below.
Far---iller
Insatis---sante
---rmiller
En---rchement
Affai---ssement
Forfa---irement
En---issement
Imparfa---ment
Ca---iller
Infail---lement
Bienfa---nce
Tri---iller
Affai---ment
Ser---issage
Plus-que-pa---its
---rmillement
 
Statistiques - réponses
Réponse % Correct
Far---iller
98%
Ca---iller
91%
En---rchement
91%
---rmillement
91%
---rmiller
91%
En---issement
89%
Tri---iller
89%
Ser---issage
73%
Aucun quiz correspondant
Distribution des résultats
% des personnes avec chaque résultat
Percentile par nombre de réponses
Votre historique - résultats
Vous n’avez pas pris ce quiz